000 00760nam a2200193 a 4500
008 120416s1975 ||||||||||||||||| || u
020 _a0721647081
050 _aHD 31 Hod
100 _aHodgetts, Richard M
245 1 0 _aManagement
246 _atheory, process, and practice
260 _aPhiladelphia
_bW.B. Saunders
_c1975
300 _axvi, 603 p. : ill.
350 _a0.00
500 _aIncludes bibliographies and indexes.
650 0 _aMANAGEMENT
995 _aBINDERY (DAMAGED)
_D0.00
_e729329
_FCBU-MAIN LIBRARY (Kitwe)
_H2
_I19.95
_jHD 31 Hod
_M1
_UDAMAGED
_y021221
_ZMain Library Open Access Collection
995 _aBINDERY (DAMAGED)
_D0.00
_e701079
_FCBU-MAIN LIBRARY (Kitwe)
_H1
_I19.95
_jHD 31 Hod
_M2
_UDAMAGED
_y701079
_ZMain Library Open Access Collection
999 _c82368
_d82368